01362nam a2200265Ia 450000500170000000800410001702000190005810000280007724500980010525000390020330000510024249000110029350504370030465000510074165000510079265000360084370000230087970000270090226400330092933600270096233700330098933800280102204000350105008400110108520220317001053.0160825s2009 ck a g 000 0 spa  a978958300360121 aVélez, Rubénd1956-10aHip, hipopótamo vagabundocRubén Vélez ; ilustrado por Henry González y Nancy Granada a1a. edición b6a. reimpresión  a85 páginas bilustraciones en color c20 cm  aCorcel a¿Hipopótamos o monedas de cincuenta centavos? ; En todo caso, viajar ; El guardián vio una torre ; Fíjese bien, señorita Alpiste ; Un ciudadano recto ; Hipopótamo en añicos ; ¿De qué puede quejarse? ; ¡Ahí viene Leopoldo! ; Ciertas payasadas ; Roncar y soñar ; Esta noche es un paréntesis ; Llevarles la contraria a las lágrimas ; El muy vagabundo ; Bienvenido el hipopótamo ; Ellos tampoco tienen remedio142LEMBaCuentos infantiles colombianosySiglo XX142LEMBaLiteratura infantil colombianaySiglo XX142LEMBaAnimales en la literatura1 aGonzález, Henry 1 aGranada Sabogal, Nancy aBogotábPanamericanac2009 atextobtxt2rdacontent asin mediaciónbn2rdamedia avolumenbnc2rdacarrier aCO-BoRNBPbspaerdacCO-BoRNBP aN VEL3